| 000 | 00505nam a2200181 4500 | ||
|---|---|---|---|
| 999 |
_c6447 _d6447 |
||
| 008 | 020515s1996 mlp engta | ||
| 020 | _a9715060692 | ||
| 100 | 1 | _aAlonzo, Magdalena Villaba- | |
| 245 | 1 | 0 |
_aPhilosophy of the East / _cMagdalena Villaba-Alonzo. |
| 260 |
_aManila : _bUST Printing Office, _cc1996. |
||
| 300 |
_aviii, 272 p. ; _c23 cm. |
||
| 336 | _atext | ||
| 337 | _aunmediated | ||
| 338 | _avolume | ||
| 650 | 4 | _aPhilosophy, Chinese. | |
| 651 | 4 | _aPhilosophy, India. | |
| 942 |
_2lcc _cBK |
||